MDQL
is popping MORE tags! Check the
thread
!
Quizzes
Events
Quiz Creation
Community
Videos
Private Events
Remove Ads
Sign In
Join for FREE
Feedback
Dark Mode
Quiz Categories
Sports
Geography
Music
Movies
Television
Just For Fun
Miscellaneous
History
Literature
Language
Science
Gaming
Entertainment
Religion
Holiday
For Kids
Quiz Lab
Recent
Popular Today
Quiz Kudos Today
Editor Picks
Curator Picks
Quizzes by...
Day
Popularity
Type
Ratings
Length
Year
Community
Subscriptions
Recent Discussions
Orange Saloon
Badges
Playlists
Quests
Create
Leaderboards
Showdown
Live 5
Trivia Bingo
Activity
Puzzle Library
Sporcle Events
Private Events
Virtual Trivia
Globe League
Become a Host
Pub Owners
SporcleCon
Opinionation
Our Games
Videos
Blog
Mobile Apps
Partnerships
Remove Ads and Go Orange
Feedback
Sports
Athletes
MLB
NBA
NHL
NFL
Soccer
Sports Teams
WWE
NCAA
Football
Premier League
Basketball
Baseball
Hockey
Golf
Tennis
Cricket
Rugby
Auto Racing
Olympics
World Cup
Sports
Athletes
MLB
NBA
NHL
NFL
Soccer
Sports Teams
WWE
NCAA
Football
Premier League
Basketball
Baseball
Hockey
Golf
Tennis
Cricket
Rugby
Auto Racing
Olympics
World Cup
Random Quiz
Search Sporcle
×
Quiz Lab
Quiz Lab
Sports
amount
Type in answers that appear in a list
Type in answers that appear in a list
Classic
Best Score? Go Orange.
How Many Super Bowl Appearances? Stats
Can you name the amount of Super Bowl Appearances for each team??
By
nymetsjets17
2m
32 Questions
140 Plays
140 Plays
140 Plays
Comments
Comments
Give Quiz Kudos
Give Quiz Kudos
-
- Ratings
hide this ad
Forced Order
Answers have to be entered in order
Answers have to be entered in order
Replay
Link that replays current quiz
Next Quiz
Link to next quiz in quiz playlist
You Got
0%
They Got
Avg Score
91%
Avg Friend Score
Upgrade to see
Score Distribution
Jump to the score distribution portion of the page
Score
0/32
Timer
02:00
0
Plays Today
Team
Appearances
% Correct
Kansas City Chiefs
2
97.1%
Jacksonville Jaguars
0
96.4%
New York Jets
1
95%
Dallas Cowboys
8
95%
New Orleans Saints
1
95%
New York Giants
5
94.3%
Chicago Bears
2
94.3%
Philadelphia Eagles
2
94.3%
Detroit Lions
0
94.3%
San Diego Chargers
1
94.3%
Denver Broncos
6
94.3%
Miami Dolphins
5
94.3%
New England Patriots
7
93.6%
Buffalo Bills
4
93.6%
Cincinnati Bengals
2
93.6%
Green Bay Packers
5
93.6%
Team
Appearances
% Correct
Pittsburgh Steelers
8
93.6%
Arizona Cardinals
1
93.6%
San Francisco 49ers
5
92.9%
Cleveland Browns
0
92.9%
Washington Redskins
5
92.1%
Seattle Seahawks
1
92.1%
Atlanta Falcons
1
91.4%
Indianapolis Colts
4
89.3%
Houston Texans
0
88.6%
St. Louis Rams
3
88.6%
Tennessee Titans
1
88.6%
Carolina Panthers
1
87.9%
Baltimore Ravens
1
86.4%
Tampa Bay Buccaneers
1
85%
Oakland Raiders
5
83.6%
Minnesota Vikings
4
81.4%
Quiz Playlist
Details
Report
Send in Message
Add To Playlist
Classic:
Type in answers that appear in a list
Forced Order:
Answers have to be entered in order
Last Updated: Jun 7, 2017
Quiz Scoreboard
CHALLENGE
Sign Up to Join the Scoreboard
Show All
Scores
Hide
Comments
May contain spoilers
Recently Published
Street Fighter Characters
by Artimus82
Gaming
60s
9x9 Crossword: Cartoon Network
by jackfrog10
Miscellaneous
3m
College Basketball Coaching Resumes
by pancakes188
Sports
9m
More to Explore
Quiz From the Vault
Featured Blog Post
Where Did the Easter Bunny Come From?
hide this ad
You Might Also Like...
Tags
amount
appearance
Bowl
Super Bowl
team
Today's Top Quizzes in Sports
Browse Sports
hide this ad
Today's Top Quizzes in amount
Browse amount
Top Contributed Quizzes in Sports
1
2022 World Cup Stars
2
Les meilleurs buteurs des matchs entre le PSG et l’OM
3
FIFA Club World Cup Champions
4
Les entraîneurs de l'OM et du PSG au 21e siècle
5
Criteria MLB: Left Handed Sluggers
6
2023 MLB Unique Player Accomplishments
7
AFC Teams Reveal (Wrong Answers Minefield)
8
Players with Multiple 50 Home Run Seasons
9
5-to-1: FBS Animal Nicknames
10
5-to-1: UK Sports Teams
Explore More
Trending Topics
Anime
Kpop
NBA
Harry Potter
Marvel
Disney
Crossword
Song
NFL
WWE
Country
Pokémon
The Office
Puzzle
Soccer
hide this ad
More By:
nymetsjets17
Quiz
Plays
Rating
Category
Featured
Created
New York Mets Opening Day Starting Pitchers
32,321
4.74
Sports
Oct 7, 2010
Multiple Major Winners (Golf)
924
3.67
Sports
Apr 15, 2011
New York Rangers Challenge
729
3.67
Sports
Jan 5, 2011
400 Home Run Club
631
2.50
Sports
Nov 7, 2010
400+ HRs, .300 Avg, Less than 100 Ks
491
4.50
Sports
Sep 29, 2010
Go to Creator's Profile
Score Distribution
Quiz Creator Spotlight
nymetsjets17
Follow
Send a Message
Quizzes Created
-
Created Quiz Play Count
-
More By This Creator
Popular Quizzes Today
1
Find the US States - No Outlines Minefield
2
Find the Countries of Europe - No Outlines Minefield
3
The Countries of the World
4
Find the US States
5
Risky Map Clicking: Biggest States A-Z
6
US States
7
Popular People in 1961
8
Movies - When Are They Set?
More Sports Quizzes
'I' Names for Soccer Players
Quiz Lab
Trending Quizzes
Risky Map Clicking: Least Populous States A-Z
1-10 Letter G Words
Risky Map Clicking: Next State Alphabetically
Adjectives in 80s TV Shows
The Seven Year Switch: Catherine
Recently Updated
Leaping Animals
pecheneg
Reality TV Shows (A-Z)
bhenderson79
Rickey Henderson's Hall of Fame Teammates
pecheneg
Champions League XIs: Arsenal
pecheneg
Quick Pick: Celebrities in WWE's Hall of Fame
aduchscher
A-Z Keypad Blitz II
pecheneg
Multiple Oscar Actors
pecheneg
Mystery Phrase Blitz: Oscar 'Best Actors'
pecheneg
F. Scott Fitzgerald Novels
LTH
Pick 3 Villains
ddd62291
Trending Topics
Anime
Disney
Kpop
NBA
Crossword
Marvel
Harry Potter
Pokémon
Puzzle
NFL
Soccer
The Office
WWE
Country
Song
Your Account Isn't Verified!
In order to create a playlist on Sporcle, you need to verify the email address you used during registration. Go to your
Sporcle Settings
to finish the process.
Report this User
Report this user for behavior that violates our
Community Guidelines
.
Details:
Send Report
Go to the Sporcle.com Mobile Site →
Comments